00461nam a2200181 a 4500001001300000003000900013005001700022008004100039020000900080082001700089100002300106245002500129260004000154300000900194500003500203650001800238700002300256nice12345678IN_TiNIC20260116011448.0050524s1939 laha grp 000 0 eng  ac5000a954.035bKHA aKhan, M Shah Nawaz aConfederacy of India aLahore bMuhammad Yusuf Khan c1939 a272p aincludes index and biblioraphy aIndia-History1 aKhan, M Shah Nawaz